| 000 | 00581nam a22001817a 4500 | ||
|---|---|---|---|
| 003 | DO-CoUTE | ||
| 005 | 20260526135110.0 | ||
| 008 | 260526b dr ||||| |||| 00| 0 spa d | ||
| 040 |
_aDO-CoUTE _bspa _cDO-CoUTE |
||
| 082 | _a R RD170.M29462020 | ||
| 110 | 1 |
_aDefensor del pueblo _eAutor |
|
| 245 | 1 | 0 |
_aManual de Etica, Moral, Civica y Algo mas ... / _cDefensor de pueblo |
| 260 |
_aRepublica Dominicana : _bEditora Tele-3, S.R.L _c2020 |
||
| 300 |
_a95 paginas : _c16cm, |
||
| 504 | _aIncluye referencia bibliográfica e índice. | ||
| 650 | 4 | _a manual | |
| 942 |
_2ddc _cF |
||
| 999 |
_c24238 _d24238 |
||